"Роковая возлюбленная" в литературе романтизма: к происхождению образа Лолиты в романе В. В. Набокова; Филологические науки. Вопросы теории и практики; № 7 (73), ч. 1

Podrobná bibliografie
Parent link:Филологические науки. Вопросы теории и практики.— , 2008-
№ 7 (73), ч. 1.— 2017.— [С. 10-12]
Hlavní autor: Антошина Е. В. Елена Васильевна
Korporativní autor: Национальный исследовательский Томский политехнический университет
Shrnutí:Заглавие с экрана
В статье рассматривается происхождение образа Лолиты в контексте произведений европейского романтизма. Обсуждается трансформация образа "child-wife", лежащего в основе патриархальной культуры, в образ "роковой возлюбленной". Показаны образы, входящие в дискурсивный ряд "роковой возлюбленной". Этот ряд восходит к образам Венеры, цыганки, похищенного ребенка, вампира. Выявляются типичные комплексы переживаний героев романтизма, их сходство и различие с героями В. В. Набокова.
The article examines the origin of Lolita image in the context of European romanticism. The paper analyzes the transformation of "child-wife" image, underlying the patriarchal culture, into the "fatal woman" image. The author describes the images included into the "fatal woman" discursive line. This line traces its origin to the images of Venus, gypsy woman, kidnapped child, and vampire. The researcher identifies typical emotional experiences of romantic characters, their similarity and difference with V. V. Nabokov's personages.
Режим доступа: по договору с организацией-держателем ресурса
Jazyk:ruština
Vydáno: 2017
Edice:Филологические науки
Témata:
On-line přístup:https://elibrary.ru/item.asp?id=29253753
http://www.gramota.net/materials/2/2017/7-1/1.html
Médium: MixedMaterials Elektronický zdroj Kapitola
KOHA link:https://koha.lib.tpu.ru/cgi-bin/koha/opac-detail.pl?biblionumber=655214

MARC

LEADER 00000naa0a2200000 4500
001 655214
005 20250930135120.0
035 |a (RuTPU)RU\TPU\network\21125 
035 |a RU\TPU\network\20319 
090 |a 655214 
100 |a 20170809d2017 k||y0rusy50 ca 
101 0 |a rus 
102 |a RU 
135 |a drcn ---uucaa 
181 0 |a i  
182 0 |a b 
200 1 |a "Роковая возлюбленная" в литературе романтизма: к происхождению образа Лолиты в романе В. В. Набокова  |d "Fatal woman" in the romanticism literature: on the origin of Lolita image in V. V. Nabokov's novel  |f Е. В. Антошина 
203 |a Текст  |c электронный 
225 1 |a Филологические науки 
300 |a Заглавие с экрана 
320 |a [Библиогр.: с. 12 (4 назв.)] 
330 |a В статье рассматривается происхождение образа Лолиты в контексте произведений европейского романтизма. Обсуждается трансформация образа "child-wife", лежащего в основе патриархальной культуры, в образ "роковой возлюбленной". Показаны образы, входящие в дискурсивный ряд "роковой возлюбленной". Этот ряд восходит к образам Венеры, цыганки, похищенного ребенка, вампира. Выявляются типичные комплексы переживаний героев романтизма, их сходство и различие с героями В. В. Набокова. 
330 |a The article examines the origin of Lolita image in the context of European romanticism. The paper analyzes the transformation of "child-wife" image, underlying the patriarchal culture, into the "fatal woman" image. The author describes the images included into the "fatal woman" discursive line. This line traces its origin to the images of Venus, gypsy woman, kidnapped child, and vampire. The researcher identifies typical emotional experiences of romantic characters, their similarity and difference with V. V. Nabokov's personages. 
333 |a Режим доступа: по договору с организацией-держателем ресурса 
461 |t Филологические науки. Вопросы теории и практики  |d 2008- 
463 |t № 7 (73), ч. 1  |v [С. 10-12]  |d 2017 
510 1 |a "Fatal woman" in the romanticism literature: on the origin of Lolita image in V. V. Nabokov's novel  |z eng 
600 1 |a Набоков  |g Владимир Владимирович  |f 1899-1977  |c российский и американский писатель, переводчик, литератеровед  |b В. В.  |2 stltpush  |3 (RuTPU)RU\TPU\pers\1120 
600 1 |a Гюго  |g Виктор Мари  |c французский писатель-романтик  |b В. М.  |f 1802-1885  |2 stltpush  |3 (RuTPU)RU\TPU\pers\1778 
600 1 |a Мериме  |b П.  |c французский писатель  |f 1803-1870  |g Проспер  |2 stltpush  |3 (RuTPU)RU\TPU\pers\17086  |9 6226 
610 1 |a труды учёных ТПУ 
610 1 |a электронный ресурс 
610 1 |a 20 век 
610 1 |a русская литература 
610 1 |a американская литература 
610 1 |a романтизм 
610 1 |a дискурс 
700 1 |a Антошина  |b Е. В.  |c лингвист  |c доцентТомского политехнического университета, кандидат филологических наук  |g Елена Васильевна  |3 (RuTPU)RU\TPU\pers\34506 
712 0 2 |a Национальный исследовательский Томский политехнический университет  |c (2009- )  |9 26305 
801 2 |a RU  |b 63413507  |c 20170809  |g RCR 
856 4 0 |u https://elibrary.ru/item.asp?id=29253753 
856 4 0 |u http://www.gramota.net/materials/2/2017/7-1/1.html 
942 |c CF